<?xml version='1.0' encoding='UTF-8'?>
  <record xmlns="http://www.loc.gov/MARC21/slim">
    <leader>00000cem a2200000 i 4500</leader>
    <controlfield tag="001">ocm71598713</controlfield>
    <controlfield tag="003">OCoLC</controlfield>
    <controlfield tag="005">20251014190748.7</controlfield>
    <controlfield tag="007">aj cauun</controlfield>
    <controlfield tag="008">040304s1860    ne        u     0   dut d</controlfield>
    <datafield tag="040" ind1=" " ind2=" ">
      <subfield code="a">NLGGC</subfield>
      <subfield code="b">dut</subfield>
      <subfield code="e">fobidrtb</subfield>
      <subfield code="c">NLGGC</subfield>
      <subfield code="d">QGJ</subfield>
      <subfield code="d">QGK</subfield>
      <subfield code="d">OCLCO</subfield>
      <subfield code="d">OCLCQ</subfield>
      <subfield code="d">OCLCL</subfield>
      <subfield code="d">OCLCO</subfield>
    </datafield>
    <datafield tag="029" ind1="0" ind2=" ">
      <subfield code="a">NLGGC</subfield>
      <subfield code="b">262049198</subfield>
    </datafield>
    <datafield tag="034" ind1="1" ind2=" ">
      <subfield code="a">a</subfield>
      <subfield code="b">10000</subfield>
    </datafield>
    <datafield tag="035" ind1=" " ind2=" ">
      <subfield code="a">(OCoLC)71598713</subfield>
    </datafield>
    <datafield tag="045" ind1="0" ind2=" ">
      <subfield code="b">d1860</subfield>
    </datafield>
    <datafield tag="084" ind1=" " ind2=" ">
      <subfield code="a">74.20</subfield>
      <subfield code="2">bcl</subfield>
    </datafield>
    <datafield tag="245" ind1="0" ind2="0">
      <subfield code="a">Kaart van de rivier de Hollandsche IJssel van Gouda tot IJsselmonde, in drie bladen /</subfield>
      <subfield code="c">... onder directie van ... L.J.A. van der Kun, opgemeten en vervaardigd door ... E. Olivier Dz. en J. Leijds.</subfield>
    </datafield>
    <datafield tag="246" ind1="3" ind2=" ">
      <subfield code="a">Algemene rivierkaart van Nederland, serie VI</subfield>
    </datafield>
    <datafield tag="255" ind1=" " ind2=" ">
      <subfield code="a">Schaal [1:10.000].</subfield>
    </datafield>
    <datafield tag="260" ind1=" " ind2=" ">
      <subfield code="a">['s-Gravenhage] :</subfield>
      <subfield code="b">Ministerie van Oorlog, Topographisch Bureau,</subfield>
      <subfield code="c">[ca. 1860]</subfield>
    </datafield>
    <datafield tag="300" ind1=" " ind2=" ">
      <subfield code="a">1 kaart in 3 bladen. :</subfield>
      <subfield code="b">lithogr., in kleur. ;</subfield>
      <subfield code="c">elk bl. 52 x 82 cm</subfield>
    </datafield>
    <datafield tag="336" ind1=" " ind2=" ">
      <subfield code="a">cartografische afbeelding</subfield>
      <subfield code="b">cri</subfield>
      <subfield code="2">rdacontent/dut</subfield>
    </datafield>
    <datafield tag="337" ind1=" " ind2=" ">
      <subfield code="a">zonder medium</subfield>
      <subfield code="b">n</subfield>
      <subfield code="2">rdamedia/dut</subfield>
    </datafield>
    <datafield tag="338" ind1=" " ind2=" ">
      <subfield code="a">vel</subfield>
      <subfield code="b">nb</subfield>
      <subfield code="2">rdacarrier/dut</subfield>
    </datafield>
    <datafield tag="500" ind1=" " ind2=" ">
      <subfield code="a">Algemene rivierkaart van Nederland, serie VI.</subfield>
    </datafield>
    <datafield tag="500" ind1=" " ind2=" ">
      <subfield code="a">Legenda.</subfield>
    </datafield>
    <datafield tag="504" ind1=" " ind2=" ">
      <subfield code="a">Op bl. 1: Schets van de verdeeling der bladen.</subfield>
    </datafield>
    <datafield tag="505" ind1="8" ind2=" ">
      <subfield code="a">Bl. no. 1: Gouda. De oevermetingen zijn gedaan in het jaar 1859. De peilingen in het jaar 1860; bl. no. 2: Nieuwerkerk. De oevermetingen zijn gedaan in het jaar 1859, de peilingen in het jaar 1860; bl. no 3: Ouderkerk. De oevermetingen zijn gedaan in het jaar 1858, de peilingen in het jaar 1860.</subfield>
    </datafield>
    <datafield tag="510" ind1="0" ind2=" ">
      <subfield code="a">C. Koeman. Handleiding voor de studie van de topografische kaarten van Nederland 1750-1850,</subfield>
      <subfield code="c">p. 80; Netscher. Répertoire des cartes du Royaume des Pays Bas ... IV, p. 62; M.F. Boode. 150 Jaar rivierkaarten van Nederland</subfield>
    </datafield>
    <datafield tag="651" ind1=" " ind2="7">
      <subfield code="a">Hollandse IJssel.</subfield>
      <subfield code="2">gtt</subfield>
      <subfield code="0">(NL-LeOCL)095948643</subfield>
    </datafield>
    <datafield tag="655" ind1=" " ind2="4">
      <subfield code="a">Electronic maps.</subfield>
    </datafield>
    <datafield tag="700" ind1="1" ind2=" ">
      <subfield code="a">Kun, L.J.A. van der</subfield>
      <subfield code="q">(Leopold Johannes Antonius),</subfield>
      <subfield code="d">1801-1864</subfield>
      <subfield code="1">https://id.oclc.org/worldcat/entity/E39PBJB4h99kdQQ7Y4JycVGCQq</subfield>
    </datafield>
    <datafield tag="700" ind1="1" ind2=" ">
      <subfield code="a">Olivier, E.,</subfield>
      <subfield code="c">Dz.</subfield>
      <subfield code="1">https://id.oclc.org/worldcat/entity/E39PCjKrD7fyDbRb6kKR7rGPwC</subfield>
    </datafield>
    <datafield tag="700" ind1="1" ind2=" ">
      <subfield code="a">Leijds, J.</subfield>
    </datafield>
    <datafield tag="710" ind1="2" ind2=" ">
      <subfield code="a">Ministerie van Oorlog.</subfield>
      <subfield code="b">Topographisch Bureau ('s-Gravenhage)</subfield>
    </datafield>
    <datafield tag="856" ind1="4" ind2="1">
      <subfield code="u">http://objects.library.uu.nl/reader/resolver.php?obj=002230114&amp;type=2</subfield>
      <subfield code="x">Online</subfield>
      <subfield code="z">Full text</subfield>
    </datafield>
    <datafield tag="936" ind1=" " ind2=" ">
      <subfield code="a">BATCHLOAD</subfield>
    </datafield>
  </record>